Teoria e prática do títulos de crédito / (Record no. 1221)

MARC details
000 -LÍDER
Campo Fixo de Controle 00710nam a2200229 a 4500
001 - NÚMERO DE CONTROLE
Campo de Controle 1221
003 - IDENTIFICAÇÃO DO NÚMERO DE CONTROLE
Campo de Controle BR-CuiBMT
005 - DATA E HORA DA ÚLTIMA ATUALIZAÇÃO
Campo de Controle 20231204204551.0
008 - DADOS FIXOS
Dados Fixos 231201s2020 mtba | 00| 0 por d
040 ## - AGÊNCIA CATALOGADORA
Código da Agência Catalogadora BR-CuiBMT
Agência que transcreveu o registro BR-CuiBMT
080 ## - Nº DA CLASSIFICAÇÃO DECIMAL UNIVERSAL
Nº Class. CDU 347.735
Nº edição CDU 2007
090 ## - NÚMERO DE CHAMADA
Nº classificação 347.735
Cutter A447t
Ano/Edição 14. ed.
100 1# - ENTRADA PRINCIPAL -- AUTOR PESSOAL
Nome pessoal Almeida, Amador Paes de
245 10 - TÍTULO PRINCIPAL
Título principal Teoria e prática do títulos de crédito /
Indicação de responsabilidade Amador Paes de Almeida.
250 ## - EDIÇÃO
Edição 14. ed. , rev. , atua. e ampl.
260 ## - PUBLICAÇÃO, DISTRIBUIÇÃO, ETC.
Local de publicação São Paulo:
Editora Saraiva,
Data 1995.
300 ## - DESCRIÇÃO FÍSICA
N. páginas ou volumes xv , 341 p. :
Ilustrações il. :
Dimensões 21 cm
504 ## - NOTA DE BIBLIOGRAFIA, ETC.
Nota de bibliografia Inclui bibliografia e índice.
650 ## - ASSUNTO TÓPICO
Cabeçalho tópico ou nome geográfico Título de crédito
Subdivisão geográfica Brasil
650 ## - ASSUNTO TÓPICO
Cabeçalho tópico ou nome geográfico Título de crédito
Subdivisão geral Modelo
Subdivisão cronológica Brasil
942 ## - ELEMENTOS DE ENTRADA ADICIONAIS (KOHA)
Fonte de classificação ou esquema de arquivamento Classificação Decimal Universal
Tipo de item do Koha Livros
Holdings
Estado: removido Estado: perdido Fonte de classificação ou esquema de arquivamento Estado: danificado Indisponível para empréstimo Localização permanente Localização atual Data de aquisição Total Checkouts Número de Chamada completo Código de barras Date last seen Número do exemplar Preço efetivo a partir de Tipo de item (Koha)
    Classificação Decimal Universal     Biblioteca da Escola Superior de Contas do TCE/MT Biblioteca da Escola Superior de Contas do TCE/MT 01/12/2023   347.735 A447t 14. ed. BIBTCEMT23120023 01/12/2023 Ex. 1 01/12/2023 Livros

Powered by Koha